Ochrana před nebezpečím ztráty inkasa.

Poistenie úveru proti možným rizikám straty inkasa z pohľadávok od kupujúcich v zahraničí. Ochrana pred komerčnými rizikami, politickými rizikami a pred rizikom prerušenia výroby. Financovanie vývozu na úver. Najnovší poistný produkt Exportnej garančnej a poisťovacej spoločnosti - poistenie úveru ku...

Ausführliche Beschreibung

Gespeichert in:
Bibliographische Detailangaben
1. Verfasser: Šimsa, K.
Format: Buchkapitel
Sprache:Tschechisch
Schlagworte:
Tags: Tag hinzufügen
Keine Tags, Fügen Sie das erste Tag hinzu!

MARC

LEADER 00000naa a2200000 4500
001 r013138
005 20221205075509.2
041 0 |a cze 
044 |a CZ 
245 1 0 |a Ochrana před nebezpečím ztráty inkasa.  |c K. Šimsa 
520 |a Poistenie úveru proti možným rizikám straty inkasa z pohľadávok od kupujúcich v zahraničí. Ochrana pred komerčnými rizikami, politickými rizikami a pred rizikom prerušenia výroby. Financovanie vývozu na úver. Najnovší poistný produkt Exportnej garančnej a poisťovacej spoločnosti - poistenie úveru kupujúcemu. 
610 2 0 |a poistenie 
610 2 0 |a úver 
610 2 0 |a inkaso 
610 2 0 |a riziko 
610 2 0 |a pohľadávky 
610 2 0 |a vývoz 
610 2 0 |a kúpa 
610 2 0 |a poisťovne 
100 1 |a Šimsa, K.